000 01857nam a22002297a 4500
005 20260407101658.0
008 260407b |||||||| |||| 00| 0 eng d
022 _a1754-7001
040 _ctbs
041 _hEnglish
245 _aMonocle
250 _aPhysical copies are available on the journal display stand. The first issue received in print is dated April 2026
260 _aLondon [Monocle, Winkontent Ltd.] [n.d.]
300 _bv. ill., col. 27 cm
505 _aIf you need access to specific articles or archive content, please contact the Library: biblioteca@tbs-education.es
520 _aMonocle is an international magazine covering global affairs, business, culture, design, and lifestyle. It offers in-depth reporting, analysis, and commentary on economic trends, urbanism, geopolitics, branding, and entrepreneurship. The magazine is known for its high-quality editorial approach and global perspective, making it a valuable resource for research in areas such as: International business — Urban studies — Branding and marketing — Design and innovation — Global trends and geopolitics. Publication type: General interest magazine with strong business and cultural analysis focus Coverage: Global Audience: Professionals, entrepreneurs, designers, analysts, researchers, and general readers interested in international affairs
650 0 _aInternational Business environment
_vPeriodicals
650 0 _aGlobal affairs
_vPeriodicals
650 0 _aDesign and lifestyle
_vPeriodicals
856 _uhttps://forms.office.com/pages/responsepage.aspx?id=3JgoptjIYEy4BQK1rRDJg0iwbkJM24xIuPOmWtt7hitUQkU4QTNHNTg2WlhDUDRQQ1hZWVZKMks3WiQlQCN0PWcu&route=shorturl
_yPlease fill in this form if you require access to an article from the archive or if you are carrying out a subject search. Website of Monocle
942 _2lcc
_cJOURNAL
999 _c5419
_d5419